000
00341pab a2200145 454500
008
180718b1990 xxu||||| |||| 00| 0 eng d
100
_a
Murugesan, R.P.K.
245
_a
Trade union research in India
260
_c
1990
300
_a
6-7
362
_a
3 Dec.
650
_a
Labour Unions - India
773
_a
Indian Worker
909
_a
12287
999
_c
12287
_d
12287